000 01773nam0a2200361 4500
001 RU\NLR\BIBL_A\022594065
005 20260420051506.0
010 _a978-5-04-211068-9
_92000
021 _aRU
_bКН-П-25-033335
_9КН-П-25-3290
035 _a(NLR Aleph) 022594065
090 _a13679956
_c13679956
100 _a20250731d2025 a y0rusy50 ca
101 1 _arus
_cjpn
102 _aRU
105 _ay z 000ay
181 0 _ai4
_baxxe
182 0 _an
200 1 _aРассказы из всех провинций
_fИхара Сайкаку
_gперевод с японского Ирины Львовой, Татьяны Редько-Добровольской
203 _aТекст
_bвизуальный
_cнепосредственный
210 _aМосква
_cЭксмо
_d2025
215 _a221 с.
_d20
225 1 _aМагистраль
327 1 _aСодерж. разд.: Сборник "Рассказы из всех провинций"; Из сборника "Новые записки о том, что смеха достойно"; Из сборника "Заветные мысли о том, как лучше прожить на свете"
333 _a16+
686 1 _aШ6(5Я)407-4{Лх2315}
700 1 _7ca
_8rus
_aИхара
_bС.
_f1642-1693
_gСайкаку
_9120265
_3RU\NLR\AUTH\7710496
702 1 _4730
_7ca
_8rus
_aЛьвова
_bИ.Л.
_f1915-1989
_gИрина Львовна
_93618
_3RU\NLR\AUTH\7720550
702 1 _4730
_7ca
_8rus
_aРедько-Добровольская
_bТ. И.
_gТатьяна Ильинична
_9120634
_3RU\NLR\AUTH\7710871
942 _cBOOK
980 _aNB